000 01675nam0a2200349 i 4500
001 RU\NLR\BIBL_A\010682059
005 20260406103240.0
010 _a9785353070962
_97000
021 _aRU
_b2014-99308
_96021
035 _a(NILC)RuMoRGB-007848358
035 _a(NLR Aleph) 010682059
090 _a9651254
_c9651254
100 _a20150227d2015 bc y0rusy50 ca
101 0 _arus
102 _aRU
105 _aa z 000ay
200 1 _aЛюбимые сказки-мультфильмы
_e[для старшего дошкольного возраста
_eсборник]
_fхудож.: В. Арбеков и др.
210 _aМосква
_cРОСМЭН
_d2015
215 _a125, [2] с.
_cцв. ил.
_d27
225 1 _aЛучшие книги для малышей
327 1 _aСодерж.: Крошка енот / М. Долотцева. Песенка мышонка / Е. Карганова. Как ослик счастье искал / Е. Карганова. Мама для мамонтенка / Д. Непомнящая. Так сойдет / Т. Папорова. Непослушный цплёнок / С. Рунге, А. Кумма. Чуня / Е. Карганова. Пропал Петя-петушок / Т. Титова
333 _a0+
686 0 _aШ9(2)60=Р7-2я43
702 1 _4040
_8rus
_7ca
_aАрбеков
_bВ. Г.
_f1927-2000
_gВладимир Георгиевич
_3RU\NLR\AUTH\7788410
_971338
801 0 _aRU
_bRuMoRKP
_c20120926
_gRCR
801 2 _aRU
_bРГБ
_c20150115
_grcr
801 1 _aRU
_bRuMoRKP
_c20120926
_2rusmarc
942 _cBOOK
980 _aNBR